[Event "Detroit (MCO/A/4/2)"]
[Site "?"]
[Date "1994.??.??"]
[Round "?"]
[White "Golonka, Stan"]
[Black "Yavari, P."]
[Result "0-1"]
[WhiteElo "1925"]
[BlackElo "1985"]
[PlyCount "115"]
[EventDate "1994.??.??"]

{4/(2)} 1. c4 Nf6 2. Nc3 g6 3. g3 Bg7 4. Bg2 O-O 5. e4 d6 6. Nge2 e5 7. O-O Nc6
8. d3 Bg4 9. f3 Be6 10. f4 Qd7 11. Nd5 Bg4 12. Ne3 Bh3 13. f5 Bxg2 14. Kxg2 Nd4
15. g4 Rfd8 16. Ng3 g5 17. Rh1 c6 18. h4 h6 19. hxg5 hxg5 20. Nef1 Nh7 21. Rxh7
Kxh7 22. Bxg5 f6 23. Bd2 Rh8 24. g5 Kg8 25. g6 Rh4 26. Nh5 Nxf5 27. exf5 Qxf5
28. Nhg3 Qxg6 29. Qf3 Rf8 30. Qf5 Kh7 31. Rd1 Rg8 32. Ne3 Bf8 33. Qxg6+ Kxg6
34. Nef5 Rh7 35. Rh1 d5 36. Rxh7 Kxh7 37. cxd5 cxd5 38. Ne3 d4 39. Nd5 Kg6 40.
Kf3 Rh8 41. Kg2 Rh7 42. Ne4 f5 43. Ng3 Rd7 44. Bb4 Rxd5 45. Bxf8 Kf7 46. Ba3
Ke6 47. Kf3 Rd8 48. Ne2 Rh8 49. Kg2 Rg8+ 50. Kf2 Rc8 51. Ke1 Rh8 52. Bc5 Rh3
53. Kd2 Kd5 54. Bf8 Rh2 55. Ke1 f4 56. Bb4 f3 57. Ng3 Rxb2 58. Bd2 0-1

[Event "Detroit (MI Op/4/8)"]
[Site "?"]
[Date "1994.??.??"]
[Round "?"]
[White "Golonka, Stan"]
[Black "Ward, Tom"]
[Result "0-1"]
[WhiteElo "1935"]
[BlackElo "2200"]
[PlyCount "64"]
[EventDate "1994.??.??"]

{4/(8)} 1. c4 e5 2. Nc3 Nc6 3. g3 g6 4. Bg2 Bg7 5. e4 d6 6. Nge2 Be6 7. d3 Qd7
8. Nd5 Nce7 9. Nec3 c6 10. Nxe7 Nxe7 11. h3 O-O 12. f4 d5 13. Qe2 dxc4 14. dxc4
Rfd8 15. Bf1 Qc7 16. Be3 Qa5 17. Kf2 Nc8 18. Kg2 Nd6 19. c5 Nc4 20. Rc1 Nxe3+
21. Qxe3 exf4 22. gxf4 Bd4 23. Qg3 Bxc5 24. f5 Rd2+ 25. Kf3 Rf2+ 26. Qxf2 Bxf2
27. fxe6 Qc5 28. exf7+ Kxf7 29. Bc4+ Kg7 30. Ne2 Rf8+ 31. Kg2 Qg5+ 32. Kh2 Bg3+
0-1

[Event "Eastpointe (EDO/5/13)"]
[Site "?"]
[Date "1994.??.??"]
[Round "?"]
[White "Golonka, Stan"]
[Black "Walters, G."]
[Result "1-0"]
[WhiteElo "1935"]
[BlackElo "1675"]
[PlyCount "90"]
[EventDate "1994.??.??"]

{5/(13)} 1. c4 c5 2. Nc3 Nc6 3. g3 Nf6 4. Bg2 g6 5. e4 Bg7 6. Nge2 d6 7. O-O e5
8. d3 Bg4 9. h3 Be6 10. f4 Qd7 11. Kh2 h5 12. Nd5 h4 13. fxe5 hxg3+ 14. Nxg3
Ng4+ 15. Kg1 Bxe5 16. hxg4 Bxd5 17. cxd5 Bd4+ 18. Rf2 Ne5 19. Kf1 Bxf2 20. Kxf2
Nxg4+ 21. Kg1 O-O-O 22. Bf4 f5 23. Rc1 Qf7 24. exf5 gxf5 25. d4 b6 26. Qa4 Kb8
27. dxc5 Ne5 28. cxd6 Qf6 29. Rc7 a5 30. Re7 Nd7 31. Qc2 Rc8 32. Qxf5 Qd4+ 33.
Be3 Qd1+ 34. Qf1 Qxf1+ 35. Nxf1 Nc5 36. d7 Rcd8 37. Bf4+ Ka7 38. Bc7 Rxd7 39.
Rxd7 Nxd7 40. Nd2 Rg8 41. Kf2 Kb7 42. d6+ Ka6 43. Bf1+ b5 44. a4 Rg5 45. axb5+
Kb7 1-0

[Event "Romulus (RVO/1/14)"]
[Site "?"]
[Date "1994.??.??"]
[Round "?"]
[White "Golonka, Stan"]
[Black "Smalec, Joseph"]
[Result "1-0"]
[WhiteElo "1925"]
[BlackElo "1605"]
[PlyCount "23"]
[EventDate "1994.??.??"]

{1/(14)} 1. c4 e5 2. Nc3 Bb4 3. Qb3 Bc5 4. Ne4 Bb6 5. c5 Ba5 6. Qa4 c6 7. Nd6+
Kf8 8. Nxc8 Qxc8 9. Qxa5 b6 10. cxb6 Qb7 11. bxa7 Rxa7 12. Qd8# 1-0

[Event "Eastpointe (EDO/3/9)"]
[Site "?"]
[Date "1994.??.??"]
[Round "?"]
[White "Golonka, Stan"]
[Black "Sattler, Peter"]
[Result "0-1"]
[WhiteElo "1935"]
[BlackElo "1765"]
[PlyCount "83"]
[EventDate "1994.??.??"]

{3/(9)} 1. c4 g6 2. g3 Bg7 3. Bg2 Nf6 4. e4 d6 5. Ne2 Nc6 6. O-O e5 7. d3 O-O
8. f4 Bg4 9. h3 Bxe2 10. Qxe2 Nd4 11. Qf2 Nh5 12. Be3 Nxg3 13. Bxd4 Nxf1 14.
Bc3 f5 15. Qxf1 fxe4 16. dxe4 Rxf4 17. Qe2 c6 18. Bd2 Rf7 19. Nc3 Qe7 20. Be3
Raf8 21. Rd1 b6 22. Qd2 Qe6 23. b3 Rd7 24. Na4 Bf6 25. Nb2 Bh4 26. Nd3 a5 27.
Bh6 Rff7 28. Be3 Kh8 29. Qe2 Bg3 30. Qg4 Qxg4 31. hxg4 Bf4 32. Bf2 g5 33. Bf3
Rf6 34. Kg2 Rg7 35. Ne1 h5 36. gxh5 g4 37. Be2 Rh6 38. Nc2 Rxh5 39. Rxd6 Rh2+
40. Kg1 g3 41. Bc5 bxc5 42. Bd1 0-1

[Event "Detroit (MCO/A/1a/8)"]
[Site "?"]
[Date "1994.??.??"]
[Round "?"]
[White "Golonka, Stan"]
[Black "McGrath, Michael"]
[Result "1-0"]
[WhiteElo "1925"]
[BlackElo "1830"]
[PlyCount "73"]
[EventDate "1994.??.??"]

1. Nc3 e5 2. e4 Be7 3. Nf3 d6 4. d4 exd4 5. Nxd4 Nf6 6. Be2 O-O 7. O-O Nbd7 8.
Be3 Nc5 9. f3 d5 10. e5 Ne8 11. b4 Nd7 12. Nxd5 Nxe5 13. Nxe7+ Qxe7 14. Nb3 b6
15. Qd2 Bb7 16. Rad1 Nd6 17. Qc3 Rfe8 18. Bc1 Qh4 19. Rd4 Qe7 20. Bb2 f6 21.
Re1 Qf7 22. Rdd1 Re7 23. Bf1 Rae8 24. Nd4 Qg6 25. Kh1 Qh5 26. Be2 Nf5 27. Nxf5
Qxf5 28. Bc4+ Kh8 29. Rf1 Nxc4 30. Qxc4 Re2 31. Qxe2 Qg6 32. Qd3 Qh5 33. Rfe1
Rg8 34. Re7 a6 35. Qc4 h6 36. Qg4 Qb5 37. Bxf6 1-0

[Event "Detroit (MCO/A/6/5)"]
[Site "?"]
[Date "1994.??.??"]
[Round "?"]
[White "Golonka, Stan"]
[Black "Harma, K."]
[Result "1/2-1/2"]
[WhiteElo "1925"]
[BlackElo "1845"]
[PlyCount "71"]
[EventDate "1994.??.??"]

{6/(5)} 1. c4 Nf6 2. Nc3 d5 3. cxd5 Nxd5 4. Nf3 Nc6 5. g3 e5 6. d3 Bb4 7. Bd2
O-O 8. Bg2 Nxc3 9. bxc3 Bd6 10. O-O Be6 11. Qa4 Bd7 12. Rab1 Nd4 13. Qd1 Nxf3+
14. Bxf3 Bh3 15. Re1 b6 16. Bxa8 Qxa8 17. e4 Qc8 18. Be3 f5 19. f3 f4 20. Bf2
g5 21. Kh1 g4 22. gxf4 Rxf4 23. Rg1 Kh8 24. Rg3 Be7 25. Rxh3 gxh3 26. Bg3 Qg8
27. Qf1 Qxa2 28. Bxf4 exf4 29. Qg1 c5 30. Qf1 Bf6 31. Ra1 Qg2+ 32. Qxg2 hxg2+
33. Kxg2 a5 34. Ra3 Kg8 35. Rb3 Bd8 36. Kf2 1/2-1/2

[Event "Detroit (MI Op/6/13)"]
[Site "?"]
[Date "1994.??.??"]
[Round "?"]
[White "Golonka, Stan"]
[Black "Everett, Morgan"]
[Result "1/2-1/2"]
[WhiteElo "1935"]
[BlackElo "2150"]
[PlyCount "57"]
[EventDate "1994.??.??"]

{6/(13)} 1. c4 c5 2. Nc3 Nc6 3. g3 g6 4. Bg2 Bg7 5. d3 Nf6 6. e4 O-O 7. Nge2 d6
8. O-O Nd4 9. Nxd4 cxd4 10. Ne2 Qb6 11. h3 Bd7 12. Kh2 Bc6 13. f4 e6 14. b3 Nd7
15. Bb2 f5 16. Qd2 a5 17. Rab1 Qb4 18. Qxb4 axb4 19. Nxd4 Bxd4 20. Bxd4 Rxa2
21. Rb2 Rxb2 22. Bxb2 Nc5 23. d4 Nd3 24. d5 Nxb2 25. dxc6 bxc6 26. exf5 gxf5
27. Bxc6 Nd3 28. Rd1 Nc5 29. Rxd6 1/2-1/2

[Event "Eastpointe (EDO/1a/7)"]
[Site "?"]
[Date "1994.??.??"]
[Round "?"]
[White "Golonka, Stan"]
[Black "Carvell, John"]
[Result "1-0"]
[WhiteElo "1935"]
[BlackElo "1605"]
[PlyCount "87"]
[EventDate "1994.??.??"]

1. c4 e5 2. Nc3 Nf6 3. d3 Nc6 4. g3 d5 5. cxd5 Nxd5 6. Bg2 Bb4 7. Bd2 Be6 8.
Nf3 f6 9. O-O Qd7 10. a3 Be7 11. Rc1 O-O-O 12. Re1 h5 13. Nh4 g5 14. Ng6 Rh6
15. Nxe7+ Ndxe7 16. Ne4 Bd5 17. Nc5 Qd6 18. Bh3+ Kb8 19. e4 Bf7 20. b4 Nd4 21.
Rc3 g4 22. Bg2 Rh7 23. a4 h4 24. Qxg4 hxg3 25. fxg3 Bh5 26. Qh3 Rdh8 27. Qd7
Nf3+ 28. Bxf3 Bxf3 29. h4 Nc6 30. Qxd6 cxd6 31. Na6+ Ka8 32. b5 bxa6 33. Rxc6
axb5 34. axb5 Rd7 35. Kf2 Bg4 36. Be3 f5 37. Ra1 fxe4 38. dxe4 Rf8+ 39. Ke1 Bf3
40. Ra4 Rg7 41. b6 Kb7 42. Rc7+ Rxc7 43. Rxa7+ Kc6 44. Rxc7+ 1-0

[Event "Detroit (MI Op/2/13)"]
[Site "?"]
[Date "1994.??.??"]
[Round "?"]
[White "Golonka, Stan"]
[Black "Calton, Bill"]
[Result "1/2-1/2"]
[WhiteElo "1935"]
[BlackElo "2170"]
[PlyCount "45"]
[EventDate "1994.??.??"]

{2/(13)} 1. c4 f5 2. g3 Nf6 3. Bg2 g6 4. Nc3 Bg7 5. d3 O-O 6. Bg5 d6 7. Qd2 c6
8. Bh6 Bxh6 9. Qxh6 e5 10. Qd2 Na6 11. h4 f4 12. gxf4 exf4 13. Bf3 Ng4 14. Bxg4
Bxg4 15. O-O-O d5 16. f3 Be6 17. h5 dxc4 18. hxg6 hxg6 19. Ne4 Qd4 20. Qe1 Rf5
21. Qh4 Qd7 22. Nh3 Raf8 23. Nhg5 1/2-1/2

[Event "Romulus (RVO/3/10)"]
[Site "?"]
[Date "1994.??.??"]
[Round "?"]
[White "Golonka, Stan"]
[Black "Alliston, Richard"]
[Result "0-1"]
[WhiteElo "1925"]
[BlackElo "1610"]
[PlyCount "106"]
[EventDate "1994.??.??"]

{3/(10)} 1. c4 e5 2. Nc3 Nf6 3. d3 d6 4. e4 Be6 5. g3 Nc6 6. Bg2 Be7 7. Nge2
Bg4 8. f3 Bh5 9. Be3 a6 10. Qd2 Qd7 11. h4 h6 12. Bh3 Qd8 13. g4 Bg6 14. h5 Bh7
15. O-O-O Nd7 16. Nd5 Nc5 17. Nxe7 Qxe7 18. Kb1 Ne6 19. d4 exd4 20. Nxd4 Ncxd4
21. Bxd4 f6 22. Be3 Bg8 23. Rhe1 Bf7 24. Bf1 Ng5 25. f4 Nf3 26. Qg2 Nxe1 27.
Rxe1 O-O 28. g5 hxg5 29. fxg5 Bxh5 30. Bd3 Bg6 31. gxf6 Qxf6 32. Rf1 Qe6 33.
Rg1 Kf7 34. Bd4 c5 35. Bc3 b5 36. b3 Rh8 37. Ka1 Rag8 38. cxb5 axb5 39. Rf1+
Ke7 40. Qg5+ Kd7 41. Bxb5+ Kc7 42. Bc4 Qxe4 43. Re1 Rh1 44. Bf1 Rh5 45. Qg3 Qc2
46. Ba5+ Kc6 47. Bg2+ Rd5 48. Qf3 Kb5 49. Bc3 Re8 50. a4+ Kb6 51. a5+ Kc7 52.
Rf1 Qxb3 53. a6 Qa3# 0-1

[Event "Eastpointe (US Am N/3/9)"]
[Site "?"]
[Date "1994.??.??"]
[Round "?"]
[White "Glinert, S."]
[Black "Smith, Walt"]
[Result "1-0"]
[WhiteElo "1605"]
[BlackElo "1965"]
[PlyCount "31"]
[EventDate "1994.??.??"]

{3/(9)} 1. e4 c5 2. Nf3 Nc6 3. d4 cxd4 4. Nxd4 Nf6 5. Nc3 g6 6. Be3 Bg7 7. Bc4
O-O 8. Qd2 Qa5 9. Bb3 Nxe4 10. Nxc6 Qxc3 11. Nxe7+ Kh8 12. bxc3 Nxd2 13. Kxd2
d6 14. Nxc8 Raxc8 15. Bd4 f6 16. Ke2 1-0

[Event "Eastpointe (US Am N/1b/6)"]
[Site "?"]
[Date "1994.??.??"]
[Round "?"]
[White "Glinert, S."]
[Black "LaForge, Tom"]
[Result "1-0"]
[WhiteElo "1605"]
[BlackElo "1980"]
[PlyCount "65"]
[EventDate "1994.??.??"]

1. e4 e6 2. d4 d5 3. Nc3 Nf6 4. Bg5 Be7 5. Bxf6 Bxf6 6. Nf3 dxe4 7. Nxe4 Bd7 8.
Be2 Bc6 9. Nxf6+ Qxf6 10. Qd2 Nd7 11. O-O-O O-O-O 12. Qa5 Kb8 13. Rd3 b6 14.
Qd2 Bb7 15. Rd1 Rc8 16. Kb1 c6 17. Ra3 Rc7 18. c4 Rhc8 19. Rc3 h6 20. c5 b5 21.
Rb3 Rd8 22. Qb4 a6 23. a4 Rdc8 24. Ka2 Qg6 25. g3 f6 26. Ra1 Qe4 27. Re1 Qf5
28. Bd3 Qd5 29. Kb1 e5 30. Be4 Qc4 31. Qxc4 bxc4 32. Rc3 exd4 33. Rxc4 {
[Remainder illegible; 1-0, 55?]} 1-0

[Event "Eastpointe (US Am N/4/3)"]
[Site "?"]
[Date "1994.??.??"]
[Round "?"]
[White "Glinert, S."]
[Black "Dorsey, P."]
[Result "0-1"]
[WhiteElo "1605"]
[BlackElo "2165"]
[PlyCount "74"]
[EventDate "1994.??.??"]

{4/(3)} 1. e4 c5 2. Nf3 d6 3. d4 cxd4 4. Nxd4 Nf6 5. Nc3 g6 6. Bc4 Bg7 7. f3
Nc6 8. Be3 O-O 9. Qd2 Bd7 10. O-O-O Qc7 11. Bb3 Rfc8 12. g4 Ne5 13. h4 Nc4 14.
Bxc4 Qxc4 15. h5 b5 16. Kb1 b4 17. Nce2 e5 18. Nb3 Be6 19. hxg6 fxg6 20. Bh6 a5
21. Bxg7 Kxg7 22. Qh6+ Kg8 23. Rd2 a4 24. Nbc1 b3 25. cxb3 axb3 26. a3 Rc7 27.
Qe3 Rca7 28. Qc3 Nxe4 29. fxe4 Qxe4+ 30. Qd3 Qxh1 31. Qxd6 Bxg4 32. Qxe5 Bf5+
33. Ka1 Rc8 34. Qd5+ Qxd5 35. Rxd5 Rc2 36. Rd1 Rxa3+ 37. bxa3 b2+ 0-1

[Event "Detroit (Class A/2/8)"]
[Site "?"]
[Date "1994.??.??"]
[Round "?"]
[White "Gipson, John"]
[Black "Gaiefsky, Mike"]
[Result "1-0"]
[WhiteElo "1930"]
[BlackElo "1800"]
[PlyCount "55"]
[EventDate "1994.??.??"]

{2/(8)} 1. d4 d5 2. Nf3 Nf6 3. c4 dxc4 4. Nc3 c5 5. e3 Bg4 6. Bxc4 cxd4 7. Ne5
Bh5 8. Qxh5 Qa5 9. Qxf7+ Kd8 10. exd4 Nbd7 11. Nxd7 Kxd7 12. Qe6+ Kd8 13. O-O
Rc8 14. Bb3 Rc6 15. Qe5 Qa6 16. Qb5 e6 17. Qxa6 Rxa6 18. Bg5 Bd6 19. Ne4 Rf8
20. Nc5 Bxc5 21. dxc5 h6 22. Rad1+ Ke7 23. Bxf6+ Rxf6 24. Rd2 Rf5 25. Rc1 Rc6
26. Re2 b6 27. Rce1 Rfxc5 28. Rxe6+ 1-0

[Event "Detroit (Class C/3/23)"]
[Site "?"]
[Date "1994.??.??"]
[Round "?"]
[White "Gibbs, Tony"]
[Black "Venia, Mike"]
[Result "0-1"]
[WhiteElo "1605"]
[BlackElo "1605"]
[PlyCount "66"]
[EventDate "1994.??.??"]

{3/(23)} 1. e4 c5 2. Nf3 d6 3. c3 Nf6 4. Qc2 Bd7 5. d4 cxd4 6. cxd4 Nc6 7. a3
Rc8 8. Nc3 e5 9. d5 Nd4 10. Nxd4 exd4 11. Bd3 dxc3 12. bxc3 g6 13. O-O Bg7 14.
Rb1 Qc7 15. c4 O-O 16. Be3 b5 17. Rfc1 bxc4 18. Bxc4 Nxe4 19. Bd3 Qxc2 20. Rxc2
Rxc2 21. Bxc2 Nc5 22. Re1 Re8 23. g3 Bh3 24. Bd2 Rxe1+ 25. Bxe1 Bd7 26. Bb4 Bd4
27. Kg2 Bb5 28. f4 Bc4 29. Kf3 Bxd5+ 30. Kg4 Bg2 31. Kg5 Ne6+ 32. Kg4 h5+ 33.
Kh4 Bf6# 0-1

[Event "Detroit (Class C/2/22)"]
[Site "?"]
[Date "1994.??.??"]
[Round "?"]
[White "Gibbs, Tony"]
[Black "Kane, Paul"]
[Result "0-1"]
[WhiteElo "1605"]
[BlackElo "1605"]
[PlyCount "80"]
[EventDate "1994.??.??"]

{2/(22)} 1. e4 d6 2. d4 Nf6 3. Nc3 g6 4. Nf3 Bg7 5. Bd3 O-O 6. O-O Bg4 7. Bf4
Nh5 8. Be3 Nc6 9. Be2 e5 10. dxe5 Nxe5 11. Nxe5 Bxe2 12. Qxe2 Bxe5 13. Qd2 Re8
14. Bd4 Qf6 15. Bxe5 Qxe5 16. f4 Qc5+ 17. Kh1 Rad8 18. Rad1 Nf6 19. Rde1 Qb4
20. b3 Kg7 21. f5 Nxe4 22. Rxe4 Rxe4 23. f6+ Kf8 24. Qh6+ Ke8 25. Nxe4 Qxe4 26.
Qxh7 Qe6 27. Qh4 Kd7 28. Re1 Qf5 29. h3 Re8 30. Rxe8 Kxe8 31. Qe1+ Qe5 32.
Qxe5+ dxe5 33. g4 Kd7 34. g5 Ke6 35. Kg2 Kf5 36. h4 Kg4 37. c4 Kxh4 38. Kf3
Kxg5 39. Ke4 Kxf6 40. b4 Ke6 0-1

[Event "Romulus (RVO/5/18)"]
[Site "?"]
[Date "1994.??.??"]
[Round "?"]
[White "Gibbs, Tony"]
[Black "Jendras, Gerard"]
[Result "0-1"]
[WhiteElo "1605"]
[BlackElo "1845"]
[PlyCount "50"]
[EventDate "1994.??.??"]

{5/(18)} 1. e4 d5 2. exd5 Nf6 3. c4 c6 4. dxc6 Nxc6 5. Nf3 e5 6. a3 e4 7. Qe2
Be7 8. Ng5 Nd4 9. Qd1 h6 10. Nh3 Bg4 11. f3 exf3 12. Qa4+ Qd7 13. Qxd7+ Kxd7
14. Kf2 Ne4+ 15. Ke3 Bc5 16. gxf3 Bxf3 17. b4 Bxh1 18. bxc5 Nc2+ 19. Ke2 Nxa1
20. d4 Rhe8 21. Kd3 Nxc5+ 22. Kc3 Re1 23. dxc5 Rxc1+ 24. Kb2 Rxf1 25. Kxa1 Be4
0-1

[Event "Romulus (RVO/2/30)"]
[Site "?"]
[Date "1994.??.??"]
[Round "?"]
[White "Gibbs, Tony"]
[Black "Jackson, K."]
[Result "1-0"]
[WhiteElo "1605"]
[BlackElo "1605"]
[PlyCount "34"]
[EventDate "1994.??.??"]

{2/(30)} 1. d4 d5 2. Nf3 c5 3. dxc5 Nc6 4. e3 e5 5. Bb5 Bg4 6. h3 Bxf3 7. Qxf3
Bxc5 8. c4 Nge7 9. cxd5 Nxd5 10. Bxc6+ bxc6 11. O-O O-O 12. Rd1 f5 13. Qe2 Qb6
14. Nc3 f4 15. exf4 Nxf4 16. Bxf4 Bxf2+ 17. Qxf2 exf4 {[Remainder illegible;
1-0, 46?]} 1-0

[Event "Romulus (RVO/4/28)"]
[Site "?"]
[Date "1994.??.??"]
[Round "?"]
[White "Gibbs, Tony"]
[Black "Card, A."]
[Result "1-0"]
[WhiteElo "1605"]
[BlackElo "1605"]
[PlyCount "77"]
[EventDate "1994.??.??"]

{4/(28)} 1. e4 c5 2. Nf3 d6 3. Nc3 Nc6 4. Bb5 Bd7 5. O-O a6 6. Bc4 e6 7. Re1 b5
8. Bf1 Nf6 9. d4 cxd4 10. Nxd4 e5 11. Nxc6 Bxc6 12. Bg5 Be7 13. a4 b4 14. Bxf6
Bxf6 15. Nd5 Bxd5 16. Qxd5 O-O 17. Rad1 Qc8 18. Qxd6 Qxc2 19. Qxb4 Rab8 20. Qd2
Qxd2 21. Rxd2 Be7 22. Rd5 f6 23. Bxa6 Rxb2 24. Bc4 Kh8 25. a5 Rc8 26. Bd3 Bc5
27. Rf1 Kg8 28. a6 Ra2 29. h3 Bd4 30. g4 Rc3 31. Bb5 Raa3 32. h4 Rg3+ 33. Kh2
Rxg4 34. f3 Rxh4+ 35. Kg3 Rf4 36. Rxd4 h5 37. Rd8+ Kh7 38. Be2 Rxe4 39. Bd3 1-0

[Event "Eastpointe (EDO/4/25)"]
[Site "?"]
[Date "1994.??.??"]
[Round "?"]
[White "Gentry, Loyd"]
[Black "al-Shareef, Robert"]
[Result "0-1"]
[WhiteElo "1605"]
[BlackElo "1605"]
[PlyCount "98"]
[EventDate "1994.??.??"]

{4/(25)} 1. e4 e6 2. d4 d5 3. e5 c5 4. Nf3 cxd4 5. Nxd4 Qc7 6. Bb5+ Bd7 7. Qe2
Bc5 8. Bxd7+ Nxd7 9. Nb5 Qb6 10. Be3 Bxe3 11. Nd6+ Ke7 12. Qxe3 Qxe3+ 13. fxe3
Nxe5 14. Nxb7 Nf6 15. Nc5 Nc4 16. Kf2 Ng4+ 17. Kf3 Ngxe3 18. Na3 Nxa3 19. bxa3
Nc4 20. a4 Rac8 21. Nb3 Na3 22. Rac1 Rxc2 23. Rxc2 Nxc2 24. Rc1 Rc8 25. Kg3 Kd7
26. h4 f5 27. Nd2 Nd4 28. Rxc8 Kxc8 29. Kf4 Kd7 30. Ke5 Nc6+ 31. Kf4 h6 32. g4
g6 33. g5 e5+ 34. Kf3 hxg5 35. hxg5 Ke6 36. Nb3 Nd4+ 37. Nxd4+ exd4 38. a5 Ke5
39. a6 f4 40. a3 d3 41. Kf2 Ke4 42. Ke1 f3 43. a4 Ke3 44. a5 f2+ 45. Kf1 d2 46.
Kg2 d1=Q 47. Kg3 f1=Q 48. Kh4 Qh5+ 49. Kg3 Qg1# 0-1

[Event "Eastpointe (US Am N/6/33)"]
[Site "?"]
[Date "1994.??.??"]
[Round "?"]
[White "Gentry, Loyd"]
[Black "Sturgis, Derreck"]
[Result "1/2-1/2"]
[WhiteElo "1605"]
[BlackElo "1605"]
[PlyCount "115"]
[EventDate "1994.??.??"]

{6/(33)} 1. d4 d5 2. Bf4 Nf6 3. Nf3 e6 4. e3 c5 5. c4 cxd4 6. Nxd4 Bb4+ 7. Nd2
Nc6 8. cxd5 Nxd4 9. exd4 Nxd5 10. Be5 f6 11. Bg3 O-O 12. a3 Ba5 13. b4 Bb6 14.
Nf3 e5 15. Bc4 Be6 16. O-O e4 17. Ne1 Nc3 18. Bxe6+ Kh8 19. Qg4 Qxd4 20. Nc2
Qd3 21. Ne1 Ne2+ 22. Kh1 Nxg3+ 23. hxg3 Qxf1+ 24. Kh2 Bxf2 25. Qxe4 Bg1+ 26.
Kh3 Rfe8 27. Nc2 Qa6 28. Rxg1 Qxe6+ 29. Qxe6 Rxe6 30. Rd1 Rae8 31. a4 Re2 32.
Na3 a6 33. Rd7 Ra2 34. Nc4 b5 35. axb5 axb5 36. Nd6 Rea8 37. Nxb5 h6 38. g4 Ra1
39. Nc7 R8a7 40. b5 R1a3+ 41. Kh4 Rb7 42. Kh5 Rb3 43. Kg6 Rb8 44. Rxg7 R3xb5
45. Nxb5 Rxb5 46. Kxh6 f5 47. Rf7 Rb6+ 48. Kg5 fxg4 49. Kxg4 Rg6+ 50. Kf3 Kg8
51. Rf5 Kg7 52. g4 Kh6 53. Kf4 Ra6 54. g5+ Kg6 55. Kg4 Ra4+ 56. Rf4 Ra1 57.
Rf6+ Kg7 58. Rc6 1/2-1/2

[Event "Eastpointe (EDO/3/25)"]
[Site "?"]
[Date "1994.??.??"]
[Round "?"]
[White "Gentry, Loyd"]
[Black "Sturgis, Derreck"]
[Result "1/2-1/2"]
[WhiteElo "1605"]
[BlackElo "1605"]
[PlyCount "71"]
[EventDate "1994.??.??"]

{3/(25)} 1. e4 c5 2. Nf3 Nc6 3. d4 cxd4 4. Nxd4 Nf6 5. Nc3 e5 6. Nf3 Bb4 7. Bd2
Bxc3 8. Bxc3 O-O 9. Bd3 Re8 10. O-O d5 11. exd5 Nxd5 12. Re1 Nxc3 13. bxc3 Bg4
14. Be4 Qxd1 15. Raxd1 Bxf3 16. Bxf3 Rad8 17. Rxd8 Rxd8 18. h3 Rd2 19. Bxc6
bxc6 20. Rxe5 Kf8 21. Rc5 Rxc2 22. Rxc6 Rxa2 23. Rd6 Ra1+ 24. Kh2 Rc1 25. Ra6
Rxc3 26. Rxa7 Rc2 27. f3 g6 28. Kg3 Kg7 29. Kh4 h6 30. g4 Rc3 31. Kg3 g5 32.
Ra1 Kg6 33. Rf1 f5 34. gxf5+ Kxf5 35. h4 g4 36. Kg2 1/2-1/2

[Event "Eastpointe (US Am N/1a/19)"]
[Site "?"]
[Date "1994.??.??"]
[Round "?"]
[White "Gentry, Loyd"]
[Black "Hayes, P."]
[Result "0-1"]
[WhiteElo "1605"]
[BlackElo "1605"]
[PlyCount "126"]
[EventDate "1994.??.??"]

1. d4 d5 2. Nf3 Nf6 3. Nc3 c6 4. g3 Bf5 5. Bg2 Nbd7 6. Bf4 e6 7. a3 Be7 8. Ne5
Nh5 9. e3 Nxf4 10. exf4 Nf6 11. O-O h5 12. b4 a6 13. Na4 Nd7 14. Nc5 Nxe5 15.
fxe5 b6 16. Nd3 a5 17. c3 axb4 18. Nxb4 c5 19. Nc6 Qd7 20. Nxe7 Qxe7 21. c4
cxd4 22. Qxd4 O-O 23. cxd5 exd5 24. Qxd5 Rxa3 25. Qd6 Qxd6 26. exd6 Rd3 27.
Rfd1 Rd8 28. Rxd3 Bxd3 29. Rd1 Bf5 30. Bc6 Bd7 31. Bxd7 Rxd7 32. Rd5 g6 33. f4
f6 34. Kf2 Kf7 35. Ke3 Ke6 36. Rb5 Rxd6 37. h4 f5 38. Re5+ Kd7 39. Rb5 Kc6 40.
Re5 b5 41. Re8 b4 42. Rb8 Kc5 43. Rc8+ Kb5 44. Rb8+ Kc4 45. Rc8+ Kb3 46. Rc7
Kb2 47. Rb7 b3 48. Rc7 Kb1 49. Rb7 b2 50. Rc7 Rb6 51. Kd2 Ka2 52. Ra7+ Kb3 53.
Kd3 b1=Q+ 54. Kd4 Qg1+ 55. Ke5 Rb5+ 56. Kf6 Qxa7 57. Kxg6 Qf2 58. Kxh5 Qxg3 59.
Kh6 Qxh4+ 60. Kg6 Qxf4 61. Kf6 Rb6+ 62. Kg7 Qc7+ 63. Kg8 Rb8# 0-1

[Event "Eastpointe (EDO/1b/13)"]
[Site "?"]
[Date "1994.??.??"]
[Round "?"]
[White "Gentry, Loyd"]
[Black "Calton, David A"]
[Result "0-1"]
[WhiteElo "1605"]
[BlackElo "1815"]
[PlyCount "142"]
[EventDate "1994.??.??"]

1. e4 g6 2. d4 Bg7 3. Nf3 d6 4. c4 Nc6 5. Nc3 e5 6. d5 Nce7 7. Be2 f5 8. Bg5
Nf6 9. Bxf6 Bxf6 10. O-O O-O 11. b4 a5 12. b5 b6 13. a4 Kf7 14. Qd2 f4 15. g3
g5 16. Ne1 Bh3 17. Ng2 Rg8 18. Bh5+ Ng6 19. Qe2 Kf8 20. Bg4 Bxg4 21. Qxg4 Qe7
22. Ra2 Rh8 23. Nb1 Kf7 24. Nd2 h5 25. Qd1 Rag8 26. Nb3 Rh7 27. Qe1 Rgh8 28.
Nxa5 bxa5 29. Qxa5 h4 30. Qa7 hxg3 31. fxg3 Rxh2 32. Kf2 fxg3+ 33. Kxg3 R8h3+
34. Kf2 Nf4 35. Rg1 g4 36. a5 Rf3+ 37. Ke1 Bh4+ 38. Kd1 Nxg2 39. Raxg2 Rxg2 40.
Rxg2 g3 41. a6 Rf1+ 42. Ke2 Rf2+ 43. Rxf2+ gxf2 44. b6 Qg5 45. Qxc7+ Kg6 46.
Qxd6+ Kh5 47. Qf8 Qg4+ 48. Kd2 Bg5+ 49. Kc3 Qh3+ 50. Kb4 f1=Q 51. Qh8+ Kg4 52.
Qxh3+ Kxh3 53. b7 Qf8+ 54. Kb5 Be3 55. Kc6 Ba7 56. d6 Kg4 57. c5 Kf4 58. Kc7
Bxc5 59. d7 Qd6+ 60. Kc8 Qc6+ 61. Kb8 Qxd7 62. Ka8 Qc6 63. Kb8 Qxa6 64. Kc7
Qd6+ 65. Kc8 Qc6+ 66. Kb8 Bd6+ 67. Ka7 Qb5 68. b8=Q Qxb8+ 69. Ka6 Bc5 70. Ka5
Qb4+ 71. Ka6 Qb6# 0-1

[Event "Detroit (CAO/1/8)"]
[Site "?"]
[Date "1994.??.??"]
[Round "?"]
[White "Gentry, Loyd"]
[Black "Bailey, Jason"]
[Result "0-1"]
[WhiteElo "1605"]
[BlackElo "1705"]
[PlyCount "112"]
[EventDate "1994.??.??"]

{1/(8)} 1. e4 c5 2. Bc4 d6 3. d3 e6 4. b3 Bd7 5. a4 Nf6 6. Bg5 Be7 7. h3 Qa5+
8. Qd2 Nc6 9. Nf3 Qxd2+ 10. Nbxd2 Nb4 11. Rc1 a6 12. c3 Nc6 13. d4 cxd4 14.
Nxd4 Nxd4 15. cxd4 b5 16. axb5 axb5 17. Bd3 O-O 18. e5 dxe5 19. dxe5 Nd5 20.
Bxe7 Nxe7 21. O-O Bc6 22. Be4 Bd5 23. Rc5 b4 24. Rfc1 Ra2 25. Bxd5 Nxd5 26. Ne4
Re2 27. Rc8 Rxe4 28. Rxf8+ Kxf8 29. Rc8+ Ke7 30. Rh8 Rxe5 31. Rxh7 g6 32. g4
Re1+ 33. Kg2 Rb1 34. h4 Rxb3 35. h5 gxh5 36. gxh5 Nf4+ 37. Kg1 Rh3 38. h6 b3
39. Rh8 b2 40. Rb8 Nd3 41. Rb3 Rxh6 42. Kg2 Rh4 43. Kf3 Rb4 44. Rxd3 b1=Q 45.
Re3 Qf5+ 46. Kg2 Rg4+ 47. Rg3 Rxg3+ 48. fxg3 Qg4 49. Kf2 f5 50. Kg2 f4 51. Kf1
Qf3+ 52. Kg1 Qxg3+ 53. Kf1 Qh2 54. Ke1 f3 55. Kf1 Qe2+ 56. Kg1 Qg2# 0-1

[Event "Detroit (CAO/3/7)"]
[Site "?"]
[Date "1994.??.??"]
[Round "?"]
[White "Gentry, Bronson"]
[Black "Schey, Danny"]
[Result "0-1"]
[WhiteElo "1605"]
[BlackElo "1605"]
[PlyCount "82"]
[EventDate "1994.??.??"]

{3/(7)} 1. e4 e5 2. Nf3 Nc6 3. Bc4 Nf6 4. Nc3 Nxe4 5. Nxe4 d5 6. Bb5 dxe4 7.
Nxe5 Qd5 8. Bxc6+ bxc6 9. Qh5 Bd6 10. Qxf7+ Qxf7 11. Nxf7 Kxf7 12. O-O Re8 13.
b3 Be5 14. Rb1 Bf5 15. f3 Kg8 16. Bb2 e3 17. Bxe5 e2 18. Rf2 Rxe5 19. Re1 Rae8
20. c4 Bd3 21. f4 R5e7 22. Rf3 Bb1 23. Kf2 Bxa2 24. Re3 Rxe3 25. dxe3 Bxb3 26.
Rxe2 Bxc4 27. Rc2 Bd5 28. g4 Re4 29. Rb2 Ra4 30. Rb7 Ra2+ 31. Kg3 a5 32. f5 Kf7
33. Rxc7+ Kf6 34. h4 h6 35. Rc8 a4 36. Re8 Rg2+ 37. Kh3 Re2 38. Rf8+ Ke7 39.
Ra8 Rxe3+ 40. Kh2 a3 41. Ra7+ Kf6 0-1